[Event "AUT-ch Zwisch Internet"]
[Site "Playchess.com INT"]
[Date "2020.05.02"]
[Round "12"]
[White "Doskocil, Klaus"]
[Black "Borrmann, Laurenz"]
[Result "0-1"]
[WhiteElo "2157"]
[BlackElo "1880"]
[PlyCount "68"]
[EventDate "2020.05.02"]
[EventType "swiss (blitz)"]
[EventRounds "13"]
[EventCountry "AUT"]
[SourceTitle "CBM 195 Extra"]
[Source "ChessBase"]
[SourceDate "2020.05.31"]
[SourceVersion "1"]
[SourceVersionDate "2020.05.31"]
[SourceQuality "1"]

1. e4 c5 2. c3 e6 3. g3 d5 4. e5 Nc6 5. f4 h6 6. Bg2 g5 7. d4 b6 8. Ne2 Bb7 9. 0-0 Bg7 10. Na3 gxf4 11. Bxf4 Nge7 12. Qd2 a6 13. Nc2 Ng6 14. Ne3 Qe7 15. a4 c4 16. Rae1 0-0-0 17. Nc1 Na5 18. b3 cxb3 19. Qb2 Nxf4 20. Rxf4 h5 21. Nxb3 Nc4 22. Nxc4 dxc4 23. Nd2 Bxg2 24. Kxg2 Qb7+ 25. Rf3 h4 26. Ne4 hxg3 27. hxg3 Bf8 28. Qe2 b5 29. axb5 axb5 30. Ref1 Rd7 31. Kg1 Rh6 32. Rf4 Rg6 33. Qg2 Bh6 34. Rh4 Be3+ 0-1

[Event "AUT-ch Zwisch Internet"]
[Site "Playchess.com INT"]
[Date "2020.05.02"]
[Round "10"]
[White "Doskocil, Klaus"]
[Black "Diermair, Andreas"]
[Result "0-1"]
[WhiteElo "2157"]
[BlackElo "2465"]
[PlyCount "80"]
[EventDate "2020.05.02"]
[EventType "swiss (blitz)"]
[EventRounds "13"]
[EventCountry "AUT"]
[SourceTitle "CBM 195 Extra"]
[Source "ChessBase"]
[SourceDate "2020.05.31"]
[SourceVersion "1"]
[SourceVersionDate "2020.05.31"]
[SourceQuality "1"]

1. e4 e5 2. Nf3 Nc6 3. Bb5 Nge7 4. 0-0 g6 5. d4 exd4 6. Nxd4 Bg7 7. c3 0-0 8. Be3 d6 9. Qd2 a6 10. Be2 Re8 11. Na3 Ne5 12. f4 c5 13. Ndc2 Ng4 14. Bxg4 Bxg4 15. h3 Be6 16. Rfd1 d5 17. Bxc5 Qc7 18. Bxe7 Rxe7 19. exd5 Rd7 20. Ne3 Rad8 21. Qf2 Bxd5 22. Nxd5 Rxd5 23. Rxd5 Rxd5 24. Re1 b5 25. Nc2 Qd7 26. Nb4 Rd2 27. Re2 Rd1+ 28. Kh2 a5 29. Na6 Bf8 30. a3 Qd6 31. Re8 Qxa6 32. Qc5 Qd6 33. Qxd6 Rxd6 34. Ra8 a4 35. Rb8 Rd5 36. Kg3 h5 37. Kf3 f5 38. Kg3 Kf7 39. Rb7+ Be7 40. Kf3 Ke6 0-1

[Event "AUT-ch Zwisch Internet"]
[Site "Playchess.com INT"]
[Date "2020.05.02"]
[Round "1"]
[White "Doskocil, Klaus"]
[Black "Schwabeneder, Florian"]
[Result "0-1"]
[WhiteElo "2157"]
[BlackElo "2431"]
[PlyCount "102"]
[EventDate "2020.05.02"]
[EventType "swiss (blitz)"]
[EventRounds "13"]
[EventCountry "AUT"]
[SourceTitle "CBM 195 Extra"]
[Source "ChessBase"]
[SourceDate "2020.05.31"]
[SourceVersion "1"]
[SourceVersionDate "2020.05.31"]
[SourceQuality "1"]

1. e4 c5 2. Nf3 d6 3. d4 cxd4 4. Nxd4 Nf6 5. Nc3 Nc6 6. f3 e5 7. Nb3 Be7 8. Be3 0-0 9. Qd2 a5 10. a4 Nb4 11. Be2 d5 12. exd5 Nfxd5 13. Nxd5 Nxd5 14. Bf2 Bg5 15. Qd1 Ne3 16. Bxe3 Bxe3 17. Qxd8 Rxd8 18. Rd1 Be6 19. Rxd8+ Rxd8 20. h4 Kf8 21. h5 Ke7 22. Rh4 f5 23. g3 Kf6 24. Rh2 b6 25. Bb5 Kg5 26. Rh1 Bxb3 27. cxb3 Rd2 28. Bc4 Rxb2 29. Rf1 Kxh5 30. Rh1+ Kg6 31. Rh3 h6 32. g4 fxg4 33. fxg4 Bf4 34. Rd3 Kg5 35. Be6 e4 36. Rd5+ Kh4 37. Rd4 Bg3+ 38. Kd1 e3 39. Re4 Rd2+ 40. Kc1 Re2 41. Bc4 Re1+ 42. Kc2 g5 43. Re6 Bf4 44. Rxh6+ Kxg4 45. Rxb6 Kf3 46. Re6 Kf2 47. Bd3 e2 48. b4 Rc1+ 49. Kb2 e1Q 50. Rxe1 Rxe1 51. bxa5 Be3 0-1

[Event "AUT-ch Vor3 Internet"]
[Site "Playchess.com INT"]
[Date "2020.04.17"]
[Round "7"]
[White "Reyhani, Adel"]
[Black "Doskocil, Klaus"]
[Result "1-0"]
[WhiteElo "1918"]
[BlackElo "2157"]
[PlyCount "61"]
[EventDate "2020.04.17"]
[EventType "swiss (blitz)"]
[EventRounds "9"]
[EventCountry "AUT"]
[SourceTitle "CBM 195 Extra"]
[Source "ChessBase"]
[SourceDate "2020.05.31"]
[SourceVersion "1"]
[SourceVersionDate "2020.05.31"]
[SourceQuality "1"]

1. e4 c5 2. Nf3 Nc6 3. d4 cxd4 4. Nxd4 Nf6 5. Nc3 e5 6. Nf3 Bb4 7. Bd3 d5 8. exd5 Nxd5 9. Bd2 Nxc3 10. bxc3 Bc5 11. 0-0 Bg4 12. Rb1 Qe7 13. h3 Bh5 14. Be4 0-0 15. Qe2 Rad8 16. Be3 Bxe3 17. fxe3 Bxf3 18. Rxf3 f5 19. Rxf5 Rxf5 20. Bxf5 Rf8 21. Be4 Nd8 22. Rf1 Rxf1+ 23. Qxf1 Qc5 24. Qd3 Nf7 25. Bd5 g6 26. c4 Kg7 27. Qe4 b6 28. Kh2 Qd6 29. a4 Nh6 30. a5 bxa5 31. c5 1-0

[Event "AUT-ch Vor2 Internet"]
[Site "Playchess.com INT"]
[Date "2020.04.13"]
[Round "3"]
[White "Doskocil, Klaus"]
[Black "Steirer, Gerhard"]
[Result "1-0"]
[WhiteElo "2157"]
[BlackElo "1854"]
[PlyCount "87"]
[EventDate "2020.04.13"]
[EventType "swiss (blitz)"]
[EventRounds "9"]
[EventCountry "AUT"]
[SourceTitle "CBM 195 Extra"]
[Source "ChessBase"]
[SourceDate "2020.05.31"]
[SourceVersion "1"]
[SourceVersionDate "2020.05.31"]
[SourceQuality "1"]

1. e4 c5 2. Nc3 e6 3. g3 Nc6 4. Bg2 b6 5. d3 Bb7 6. f4 g6 7. Nf3 Bg7 8. 0-0 Nge7 9. Be3 0-0 10. Qd2 d5 11. exd5 exd5 12. Nd1 Nf5 13. Bf2 Re8 14. c3 Ba6 15. Ne3 Nxe3 16. Bxe3 d4 17. cxd4 Nxd4 18. Nxd4 cxd4 19. Bf2 Rc8 20. Rfe1 Qd7 21. Rac1 Bb7 22. Rxc8 Rxc8 23. Qe2 Bxg2 24. Kxg2 Qc6+ 25. Qf3 Kf8 26. Re2 h5 27. h3 a5 28. a3 b5 29. b4 a4 30. g4 Qxf3+ 31. Kxf3 Rc3 32. Ke4 Rxa3 33. Rc2 Rc3 34. Rb2 Rb3 35. Rc2 Rxb4 36. Rc8+ Ke7 37. Rc7+ Ke8 38. Ra7 Rb2 39. Bh4 hxg4 40. hxg4 Re2+ 41. Kd5 Rc2 42. Re7+ Kf8 43. Rb7 a3 44. Rb8+ 1-0

[Event "AUT-chT2W 1920"]
[Site "Austria"]
[Date "2020.03.06"]
[Round "9.2"]
[White "Doskocil, Klaus"]
[Black "Zelcic, Robert"]
[Result "0-1"]
[WhiteElo "2188"]
[BlackElo "2508"]
[PlyCount "70"]
[EventDate "2019.10.04"]
[EventType "team-tourn"]
[EventRounds "11"]
[EventCountry "AUT"]
[SourceTitle "CBM 195 Extra"]
[Source "ChessBase"]
[SourceDate "2020.05.31"]
[SourceVersion "1"]
[SourceVersionDate "2020.05.31"]
[SourceQuality "1"]
[WhiteTeam "Pradl"]
[BlackTeam "Schwarzach"]
[WhiteTeamCountry "AUT"]
[BlackTeamCountry "AUT"]

1. e4 c5 2. Nf3 Nf6 3. e5 Nd5 4. c3 d6 5. d4 cxd4 6. cxd4 dxe5 7. Nxe5 Nc6 8. Nxc6 bxc6 9. Bc4 Qa5+ 10. Qd2 Qxd2+ 11. Nxd2 Nb4 12. 0-0 Nc2 13. Rb1 Nxd4 14. Ne4 Bf5 15. Re1 e6 16. Bd2 Be7 17. Bc3 Nc2 18. Re2 0-0 19. Rc1 Nb4 20. Ng3 Bg6 21. Bxb4 Bxb4 22. Ba6 Rad8 23. Rxc6 Rd1+ 24. Nf1 Rfd8 25. g3 h5 26. Kg2 Ra1 27. a3 Ba5 28. Re3 Bb6 29. Re2 Kh7 30. Nd2 Rxd2 31. Rxd2 Be4+ 32. f3 Rg1+ 33. Kh3 Bf5+ 34. Kh4 Kh6 35. g4 g5+ 0-1

[Event "AUT-chT2W 1718"]
[Site "Austria"]
[Date "2018.03.10"]
[Round "10.1"]
[White "Doskocil, Klaus"]
[Black "Ager, Josef"]
[Result "0-1"]
[WhiteElo "2239"]
[BlackElo "2109"]
[PlyCount "102"]
[EventDate "2017.10.13"]
[EventType "team-tourn"]
[EventRounds "11"]
[EventCountry "AUT"]
[SourceTitle "EXT 2019"]
[Source "ChessBase"]
[SourceDate "2018.10.10"]
[SourceVersion "1"]
[SourceVersionDate "2018.10.10"]
[SourceQuality "1"]
[WhiteTeam "Pradl"]
[BlackTeam "Ranshofen"]
[WhiteTeamCountry "AUT"]
[BlackTeamCountry "AUT"]

1. e4 g6 2. d4 Bg7 3. Nc3 c6 4. Nf3 d6 5. a4 Nf6 6. Be2 0-0 7. 0-0 b6 8. h3 Bb7 9. Be3 Nbd7 10. Qd2 Re8 11. e5 dxe5 12. dxe5 Nd5 13. Nxd5 cxd5 14. e6 fxe6 15. Ng5 Nf8 16. Bb5 Qd6 17. Bxe8 Rxe8 18. c3 e5 19. Rfd1 Qc6 20. Nf3 Ne6 21. a5 Nc5 22. Qc2 Rf8 23. Ne1 Bc8 24. b4 Ne4 25. axb6 axb6 26. Ra3 Nd6 27. Qd3 Bb7 28. Bg5 Nb5 29. Rb3 e4 30. Qc2 Nxc3 31. Rc1 d4 32. Bxe7 Re8 33. Bg5 Qb5 34. Rxc3 dxc3 35. Be3 h5 36. Qa2+ Bd5 37. Qa7 Qxb4 38. Bxb6 Re7 39. Qa6 Kh7 40. Be3 Rc7 41. Nc2 Qb7 42. Qd6 Rd7 43. Qc5 Qc6 44. Qa3 Bc4 45. Nb4 Qb5 46. Nc2 Bd3 47. Kh2 Be5+ 48. g3 h4 49. Qf8 hxg3+ 50. fxg3 Bg7 51. Qe8 Bxc2 0-1

[Event "AUT-chT2W 1718"]
[Site "Austria"]
[Date "2018.01.12"]
[Round "6.1"]
[White "Doskocil, Klaus"]
[Black "Frank, Emanuel"]
[Result "0-1"]
[WhiteElo "2239"]
[BlackElo "2165"]
[PlyCount "80"]
[EventDate "2017.10.13"]
[EventType "team-tourn"]
[EventRounds "11"]
[EventCountry "AUT"]
[SourceTitle "EXT 2019"]
[Source "ChessBase"]
[SourceDate "2018.10.10"]
[SourceVersion "1"]
[SourceVersionDate "2018.10.10"]
[SourceQuality "1"]
[WhiteTeam "Pradl"]
[BlackTeam "Salzburg ASK"]
[WhiteTeamCountry "AUT"]
[BlackTeamCountry "AUT"]

1. e4 e5 2. Nf3 Nc6 3. Bb5 a6 4. Ba4 Nf6 5. 0-0 Be7 6. Re1 b5 7. Bb3 d6 8. c3 0-0 9. h3 Na5 10. Bc2 c5 11. d4 Qc7 12. Nbd2 cxd4 13. cxd4 Nc6 14. d5 Nb4 15. Bb3 Bd7 16. Nf1 a5 17. a3 Na6 18. Bg5 Nc5 19. Bc2 h6 20. Bd2 Rfc8 21. Ng3 Nh7 22. Nh2 Bg5 23. Rf1 Nf8 24. Bxg5 hxg5 25. Qh5 f6 26. h4 gxh4 27. Qxh4 Ng6 28. Qh5 Nf4 29. Qf3 Nb7 30. Rac1 b4 31. Rfd1 Qc5 32. Ng4 b3 33. Bxb3 Qxc1 34. Rxc1 Rxc1+ 35. Kh2 Kf7 36. Nf5 Bxf5 37. exf5 Rh8+ 38. Kg3 Nh5+ 39. Kh2 Rh1+ 40. Kxh1 Ng3+ 0-1

[Event "AUT-chT2W 1617"]
[Site "Austria"]
[Date "2017.01.22"]
[Round "8.4"]
[White "Doskocil, Klaus"]
[Black "Kantor, Gergely"]
[Result "0-1"]
[WhiteElo "2211"]
[BlackElo "2413"]
[PlyCount "60"]
[EventDate "2016.10.28"]
[EventType "team-tourn"]
[EventRounds "11"]
[EventCountry "AUT"]
[SourceTitle "CBM 177 Extra"]
[Source "ChessBase"]
[SourceDate "2017.04.27"]
[SourceVersion "1"]
[SourceVersionDate "2017.04.27"]
[SourceQuality "1"]
[WhiteTeam "Pradl"]
[BlackTeam "Ranshofen"]
[WhiteTeamCountry "AUT"]
[BlackTeamCountry "AUT"]

1. d4 Nf6 2. Nf3 d5 3. Bg5 c5 4. e3 Ne4 5. Bf4 Nc6 6. Be2 Qb6 7. b3 Qa5+ 8. Kf1 g6 9. Ne5 Bg7 10. Nxc6 bxc6 11. f3 Nd6 12. Bxd6 exd6 13. c3 0-0 14. Qd2 Re8 15. Kf2 Bf5 16. g4 Bd7 17. b4 Qd8 18. h4 f5 19. g5 f4 20. exf4 cxd4 21. cxd4 Qb6 22. Rd1 c5 23. bxc5 dxc5 24. Nc3 Bxd4+ 25. Kf1 Qe6 26. Bb5 Qh3+ 27. Qg2 Bxc3 28. Bxd7 Qxd7 29. Rac1 Bd4 30. Rb1 Qa4 0-1